000 00667nam a2200217Ii 4500
003 JO-AjNU
008 230605s9999||||xx |||||||||||||| ||und||
017 _a1979/4271
020 _a977-7317-15-8
040 _aJO-AjNU
_bara
_erda
_cJO-AjNU
041 _aara
050 1 4 _aGN25.A225 1979
100 3 _aعبد الرحيم، عبد المجيد,
_eauthor
_938745
245 0 0 _aالأنثروبولوجيا: علم الإنسان
264 3 1 _aالقاهرة: دار غريب، 1979
300 _a179ص
336 _atext
_btxt
_2rdacontent
337 _aunmediated
_bn
_2rdamedia
338 _avolume
_bnc
_2rdacarrier
650 4 _aعلم الانسان
_938746
999 _aA16304
_c19872
_d19872